000 00460nam a22001931a 4500
001 984
003 OSt
005 20260204211717.0
008 040115s1997||||dr ||||||b||||||||||spa||
050 _aRD 460 M291m
082 _aRD 460 M291m
100 _aMalagón, Alberto
245 _aManual de castellano / Alberto Malagón
264 _aSanto Domingo : UASD
300 _a285 p.
500 _aIncluye indice.
650 _a1.CastellanoÌ
942 _2ddc
_cBK
999 _c984
_d984